| 000 | 00657nam a22001937a 4500 | ||
|---|---|---|---|
| 008 | 160304b xxu||||| |||| 00| 0 eng d | ||
| 020 | _a978-981-4410-74-8 | ||
| 082 |
_22012 _aDC 616.89 _bB24a |
||
| 100 |
_93396 _aBarlow, David H. |
||
| 245 |
_aAbnormal psychology: _ban integrative approach/ _cDavid H. Barlow, V. Mark Durand. |
||
| 250 | _aSixth Edition | ||
| 260 |
_aSingapore: _bCengage Learning Asia Ltd., _c©2012. |
||
| 300 |
_axxvi, 554 pages: _billustrations; _c25 cm. |
||
| 500 | _aIncludes glossary, references and index. | ||
| 650 | 0 |
_93397 _aAbnormal psychology |
|
| 700 |
_93398 _aDurand, V. Mark |
||
| 365 |
_b1,098.00 _cPhp |
||
| 942 |
_2ddc _cDC |
||
| 999 |
_c1192 _d1192 |
||